| 000 | 00345nam a22001337a 4500 | ||
|---|---|---|---|
| 008 | 230619b xxu||||| |||| 00| 0 eng d | ||
| 020 | _a0835671108 | ||
| 082 |
_a212.55 _bLEA |
||
| 100 | _cLeadbeater, C. W. | ||
| 245 | _aA TextBook of Theosophy | ||
| 260 |
_aEngland _bThe Theosophical Publishing House _c1912 |
||
| 300 | _a163p | ||
| 942 |
_2ddc _cBK |
||
| 999 |
_c1165 _d1165 |
||